000 00213nam a2200085Ia 4500
008 170620s9999 xx 000 0 und d
100 _aPaeanjpe - N.V.
245 0 _aArbitration & Concilliation act
260 _bCentral Law Pub.
260 _c2001
999 _c28516
_d28516